Unidad 4 - vocabulary practice Quiz Stats

 Plays Quiz not verified by Sporcle

Support Sporcle.
Go Orange.
Score 0/20 Timer 10:00
0 Plays Today
% Correct
school
96.9%
exam
95.8%
notes
90.6%
desk
89.6%
classroom
89.6%
quiz
88.5%
book
85.4%
calculator
85.4%
sheet of paper
85.4%
backpack
84.4%
% Correct
t-shirt
83.3%
blouse
83.3%
shirt
82.3%
skirt
82.3%
pen
82.3%
folder
81.3%
supplies
81.3%
pencil
78.1%
clothing
78.1%
materials
77.1%

You're not logged in!

Compare scores with friends on all Sporcle quizzes.
OR
Log In

From the Vault

Click The Yoga Poses

by JoeBeta

This quiz is a bit of a stretch.
Remove Ads.
Support Sporcle.
Get the best of Sporcle when you Go Orange. This ad-free experience offers more features, more stats, and more fun while also helping to support Sporcle. Thank you for becoming a member.

Show Comments

Extras

Top Quizzes Today


Score Distribution

Your Account Isn't Verified!

In order to create a playlist on Sporcle, you need to verify the email address you used during registration. Go to your Sporcle Settings to finish the process.

Report this User

Report this user for behavior that violates our Community Guidelines.

Details: